Dobrzyń nad Wisłą - z problematyki przemian osadniczych

Titel: Dobrzyń nad Wisłą - z problematyki przemian osadniczych
Verfasser:
In: Pogranicze polsko-pruskie i krzyżackie ; 2, (2007), Seite 237-260
alle Artikel anzeigen
Veröffentlicht: 2007
Format: Aufsatz
Sprache: Polnisch
Kein Bild verfügbar
X
alg: 39436332
001A    $01999:12-11-16 
001B    $03025:20-01-23 $t10:32:08.000 
001D    $01999:12-11-16 
001U    $0utf8 
001X    $00 
002@    $0Aox 
003@    $0394363329 
007A    $0394363329 $aHEB 
007T    $0Herdkk00038679 
010@    $apol 
011@    $a2007 
021A    $aDobrzyń nad Wisłą - z problematyki przemian osadniczych 
028A    $8Andrzejewska, Aldona [Tp3] $9480556997 
031A    $h237-260 $j2007 
039B    $aIn $8--Afu--. Pogranicze polsko-pruskie i krzyżackie ; 2. - Włocławek {[u.a.] : Lega, 2007. - 453 S.. - Ill., Kt.. - ISBN 978-83-60150-30-6 $x200700000000000763 $9190809388 

lok: 39436332 78

exp: 39436332 78 1 #EPN
201B/01 $004-09-18 $t22:45:21.000 
201U/01 $0utf8 
203@/01 $0790473836 
208@/01 $a12-11-16 $be 
209A/01 $a/ $f000 $x00 
220C/01 $aHerkunft: PBB/IH PAN 
244Z/01 $2Trx $#Prusy Wschodnie i Zachodnie $8--Trx--Ost- und Westpreußen $x01 $939113373X 
244Z/01 $2Trx $#Poola $#Lenkija $#Polija $#Polen Land $#Poland $#Lengyelország $#Poľsko $#Polsko $8--Trx--Polska$gkraj $x02 $9391345966 
244Z/01 $2Trx $#Großpolen $#Greater Poland $#Velkopolsko $8--Trx--Wielkopolska $x03 $9391277227 
244Z/01 $#Land Dobrzyn $#Dobriner Land $#Ziemia Dobrzyńska $74073968-5 $8--Tg1--Land Dobrzyń $x04 $9085208183 
244Z/01 $2Trx $8--Trx--Einzelbeiträge $x05 $9391384570 
247C/01 $82080>Marburg/Lahn, Herder-Institut, Forschungsbibliothek, Bibliographieportal $9336309341
LEADER 00000caa a22000002c 4500
001 394363329
003 DE-603
005 20230120103208.0
007 tu
008 161112s2007 xx |||| | u00||u|pol c
035 |a (DE-599)HEB394363329 
040 |a DE-603  |b ger  |c DE-603  |d DE-603 
041 |a pol 
100 1 |a Andrzejewska, Aldona  |0 (DE-603)480556997  |0 (DE-588)1235832848  |2 gnd 
245 0 0 |a Dobrzyń nad Wisłą - z problematyki przemian osadniczych 
264 0 |c 2007 
773 0 8 |i In  |t Pogranicze polsko-pruskie i krzyżackie ; 2  |d Włocławek ˜[u.a.] œ: Lega, 2007  |h 453 S., Ill., Kt.  |z 9788360150306  |g (2007), Seite 237-260  |w (DE-603)190809388 
924 0 |9 2080  |a (DE-603)790473836  |b DE-2080  |c HES  |d d  |g /